|
|
|
|
| LEADER |
00000nam0a2200000 4500 |
| 001 |
372998 |
| 005 |
20231102012527.0 |
| 035 |
|
|
|a (RuTPU)RU\TPU\retro\30423
|
| 035 |
|
|
|a RU\TPU\book\223539
|
| 090 |
|
|
|a 372998
|
| 100 |
|
|
|a 20221215d1955 m y0rusy50 ca
|
| 101 |
0 |
|
|a rus
|
| 102 |
|
|
|a RU
|
| 105 |
|
|
|a a z 001zy
|
| 200 |
1 |
|
|a Неевклидовы геометрии
|f Б. А. Розенфельд
|
| 210 |
|
|
|a Москва
|c Изд-во технико-теоретической литературы
|d 1955
|
| 215 |
|
|
|a 744 с.
|c ил.
|
| 320 |
|
|
|a Библиогр.: с. 725-736.
|
| 320 |
|
|
|a Именной указатель: с. 737-738.
|
| 320 |
|
|
|a Предметный указатель: с. 739-743.
|
| 320 |
|
|
|a Указатель обозначений: с. 744.
|
| 606 |
1 |
|
|a Неевклидовы геометрии
|2 stltpush
|3 (RuTPU)RU\TPU\subj\45242
|9 64496
|
| 610 |
1 |
|
|a геометрия
|
| 610 |
1 |
|
|a неевклидовы пространства
|
| 610 |
1 |
|
|a движение
|
| 610 |
1 |
|
|a алгебра
|
| 610 |
1 |
|
|a группы Ли
|
| 675 |
|
|
|a 514.13
|v 3
|
| 700 |
|
1 |
|a Розенфельд
|b Б. А.
|
| 801 |
|
1 |
|a RU
|b 63413507
|c 20111206
|
| 801 |
|
2 |
|a RU
|b 63413507
|c 20221215
|g RCR
|
| 942 |
|
|
|c BK
|